[Event "Khanty-Mansiysk Governor Cup Rapid 18th"]
[Site "Khanty-Mansiysk"]
[Date "2022.11.28"]
[Round "11"]
[White "Yeletsky, Ivan"]
[Black "Bocharov, Ivan"]
[Result "1/2-1/2"]
[WhiteElo "2491"]
[BlackElo "2571"]
[PlyCount "81"]
[EventDate "2022.11.26"]
[EventType "swiss (rapid)"]
[EventRounds "11"]
[EventCountry "RUS"]
[SourceTitle "CBM 211 Extra"]
[Source "ChessBase"]
[SourceDate "2023.01.31"]
[SourceVersion "1"]
[SourceVersionDate "2023.01.31"]
[SourceQuality "1"]

1. d4 Nf6 2. c4 e6 3. g3 d5 4. Bg2 Be7 5. Nf3 0-0 6. 0-0 dxc4 7. Qc2 b5 8. a4 Bb7 9. axb5 a6 10. Nc3 axb5 11. Rxa8 Bxa8 12. Nxb5 Bd5 13. Bf4 c5 14. dxc5 Bxc5 15. Nc3 Nbd7 16. Nxd5 exd5 17. b3 cxb3 18. Qxb3 Qb6 19. Qa2 Ne4 20. e3 Ndf6 21. Ne5 g5 22. Bxe4 gxf4 23. Bxd5 fxe3 24. fxe3 Bxe3+ 25. Kg2 Nxd5 26. Qxd5 Qe6 27. Qxe6 fxe6 28. Re1 Bd4 29. Nf3 e5 30. Nxe5 Rf2+ 31. Kh3 Bc3 32. Re4 Bxe5 33. Rxe5 Ra2 34. Re7 Rb2 35. g4 Ra2 36. Kg3 Rb2 37. g5 Rb4 38. h4 Ra4 39. h5 Ra1 40. h6 Rg1+ 41. Kf4 1/2-1/2

[Event "Khanty-Mansiysk Governor Cup 18th"]
[Site "Khanty-Mansiysk"]
[Date "2022.11.23"]
[Round "7"]
[White "Yeletsky, Ivan"]
[Black "Bocharov, Ivan"]
[Result "1-0"]
[WhiteElo "2491"]
[BlackElo "2571"]
[PlyCount "107"]
[EventDate "2022.11.17"]
[EventType "swiss"]
[EventRounds "9"]
[EventCountry "RUS"]
[SourceTitle "CBM 211 Extra"]
[Source "ChessBase"]
[SourceDate "2023.01.31"]
[SourceVersion "1"]
[SourceVersionDate "2023.01.31"]
[SourceQuality "1"]

1. d4 d5 2. c4 e6 3. Nc3 Be7 4. Nf3 Nf6 5. Bf4 0-0 6. e3 b6 7. Bd3 Bb7 8. 0-0 c5 9. dxc5 bxc5 10. cxd5 exd5 11. Qe2 Re8 12. Rfd1 Qb6 13. Bb5 Rd8 14. e4 dxe4 15. Ne5 Rf8 16. Nc4 Qe6 17. Nd6 Bxd6 18. Rxd6 Qf5 19. Be3 a6 20. Ba4 Rc8 21. Rad1 Nc6 22. Nd5 Nxd5 23. R1xd5 Nd4 24. Rxf5 Nxe2+ 25. Kf1 Nd4 26. Bxd4 cxd4 27. Rxd4 Rd8 28. Rxd8+ Rxd8 29. Bb3 Rd7 30. Bc4 g6 31. Rc5 Kf8 32. Ke2 f5 33. g3 Ke7 34. b4 Kf6 35. a4 g5 36. Ke3 h6 37. Be2 Re7 38. a5 Rd7 39. h3 Re7 40. b5 axb5 41. Rxb5 Ba8 42. a6 Re8 43. Bc4 f4+ 44. gxf4 gxf4+ 45. Kxf4 e3 46. Rf5+ Kg7 47. Re5 Rxe5 48. Kxe5 exf2 49. Bf1 Kf7 50. Kf4 Ke7 51. Kg3 Kd6 52. Kxf2 Kc7 53. Bg2 Kb6 54. Bxa8 1-0

[Event "Khanty-Mansiysk Governor Cup 18th"]
[Site "Khanty-Mansiysk"]
[Date "2022.11.21"]
[Round "5"]
[White "Makarian, Rudik"]
[Black "Bocharov, Ivan"]
[Result "1-0"]
[WhiteElo "2505"]
[BlackElo "2571"]
[PlyCount "109"]
[EventDate "2022.11.17"]
[EventType "swiss"]
[EventRounds "9"]
[EventCountry "RUS"]
[SourceTitle "CBM 211 Extra"]
[Source "ChessBase"]
[SourceDate "2023.01.31"]
[SourceVersion "1"]
[SourceVersionDate "2023.01.31"]
[SourceQuality "1"]

1. d4 d5 2. c4 e6 3. Nf3 Nf6 4. g3 Be7 5. Bg2 0-0 6. Nc3 dxc4 7. Ne5 Nc6 8. Bxc6 bxc6 9. Nxc6 Qe8 10. Nxe7+ Qxe7 11. Qa4 c5 12. dxc5 Qxc5 13. Be3 Qc7 14. Qa3 Nd5 15. Qc5 Qb7 16. Nxd5 Qxd5 17. Qxd5 exd5 18. f3 Re8 19. Kf2 Rb8 20. Bd4 a6 21. Rad1 Bb7 22. g4 Re6 23. h4 Rbe8 24. e3 a5 25. Rhg1 a4 26. a3 Bc8 27. g5 R6e7 28. h5 Bf5 29. h6 gxh6 30. gxh6+ Bg6 31. Bc3 Rxe3 32. Rxd5 Re2+ 33. Kg3 R2e6 34. Kf4 Ra8 35. Re1 Rf8 36. Bb4 Rf6+ 37. Kg5 Re6 38. Kh4 c3 39. Bxc3 Bc2 40. Rg5+ Rg6 41. Re7 Rc8 42. f4 Kf8 43. Bb4 Kg8 44. Ra7 Bb3 45. f5 Rxg5 46. Kxg5 Bc2 47. Rd7 Bb3 48. Rd3 f6+ 49. Kxf6 Rc6+ 50. Bd6 Rb6 51. Rg3+ Kh8 52. Ke7 Rb7+ 53. Kd8 Rd7+ 54. Kxd7 Be6+ 55. Ke7 1-0

[Event "Khanty-Mansiysk Governor Cup 18th"]
[Site "Khanty-Mansiysk"]
[Date "2022.11.20"]
[Round "4"]
[White "Bocharov, Ivan"]
[Black "Obgolts, Erik"]
[Result "1-0"]
[WhiteElo "2571"]
[BlackElo "2434"]
[PlyCount "103"]
[EventDate "2022.11.17"]
[EventType "swiss"]
[EventRounds "9"]
[EventCountry "RUS"]
[SourceTitle "CBM 211 Extra"]
[Source "ChessBase"]
[SourceDate "2023.01.31"]
[SourceVersion "1"]
[SourceVersionDate "2023.01.31"]
[SourceQuality "1"]

1. e4 e5 2. Nf3 Nc6 3. Nc3 Nf6 4. Bb5 Bb4 5. 0-0 0-0 6. Bxc6 dxc6 7. d3 Nd7 8. Ne2 Re8 9. Ng3 Nf8 10. Kh1 a5 11. a4 Bd6 12. b3 c5 13. Bb2 f6 14. Nd2 Ne6 15. Nc4 Bf8 16. Ne2 Nd4 17. f4 Bg4 18. Bxd4 cxd4 19. Qe1 Bb4 20. Qf2 Bxe2 21. Qxe2 exf4 22. Rxf4 c6 23. Qh5 g6 24. Rg4 Re7 25. Qf5 Kf7 26. Qf2 b5 27. Nd2 Bxd2 28. Qxd2 Qd6 29. h4 Qe5 30. Rf1 b4 31. Qh6 Ke6 32. h5 Qxh5+ 33. Qxh5 gxh5 34. Rh4 Rg8 35. Rxh5 Reg7 36. Rf2 Rg5 37. Rxh7 R8g6 38. Kg1 Rc5 39. Rh4 Re5 40. Rhf4 Rh5 41. Rf5 Rgh6 42. Kf1 Rh1+ 43. Ke2 Rc1 44. Kf3 Re1 45. Rxa5 Rg6 46. g4 Rg1 47. Rg2 Rxg2 48. Kxg2 Rxg4+ 49. Kf3 Rh4 50. Ke2 Rh1 51. Kd2 Rf1 52. Rc5 1-0

[Event "Moscow op-A 17th"]
[Site "Moscow"]
[Date "2021.02.26"]
[Round "7"]
[White "Bocharov, Ivan"]
[Black "Afanasiev, Nikita"]
[Result "0-1"]
[WhiteElo "2568"]
[BlackElo "2519"]
[PlyCount "80"]
[EventDate "2021.02.20"]
[EventType "swiss"]
[EventRounds "9"]
[EventCountry "RUS"]
[SourceTitle "CBM 200 Extra"]
[Source "ChessBase"]
[SourceDate "2021.03.31"]
[SourceVersion "1"]
[SourceVersionDate "2021.03.31"]
[SourceQuality "1"]

1. e4 e5 2. Nf3 Nf6 3. Nxe5 Nxe4 4. Qe2 Qe7 5. Qxe4 d6 6. f4 f5 7. Qe3 dxe5 8. fxe5 Nc6 9. d4 Qh4+ 10. g3 Qxd4 11. Qxd4 Nxd4 12. Bd3 Be6 13. Kf2 Bc5 14. Be3 0-0-0 15. Rd1 Bb6 16. Nc3 Nc6 17. Bxb6 axb6 18. Re1 g5 19. Rad1 h5 20. h4 gxh4 21. gxh4 Rd4 22. Rh1 Nxe5 23. Be2 Rf4+ 24. Ke3 Rb4 25. Rd4 Rxb2 26. Ra4 Kb8 27. Kd2 Nc6 28. Re1 Nb4 29. Bd1 Nxa2 30. Nxa2 Rxa2 31. Rxa2 Bxa2 32. Re5 Rd8+ 33. Kc1 Rd4 34. Rxf5 Rxh4 35. Bxh5 c6 36. Rg5 Bd5 37. Bg4 Rh1+ 38. Kb2 Rg1 39. Rg6 b5 40. Kc3 Ka7 0-1

[Event "Moscow op-A 17th"]
[Site "Moscow"]
[Date "2021.02.23"]
[Round "4"]
[White "Maneluk, Daniil"]
[Black "Bocharov, Ivan"]
[Result "0-1"]
[WhiteElo "2386"]
[BlackElo "2568"]
[PlyCount "92"]
[EventDate "2021.02.20"]
[EventType "swiss"]
[EventRounds "9"]
[EventCountry "RUS"]
[SourceTitle "CBM 200 Extra"]
[Source "ChessBase"]
[SourceDate "2021.03.31"]
[SourceVersion "1"]
[SourceVersionDate "2021.03.31"]
[SourceQuality "1"]

1. e4 c5 2. Nf3 d6 3. d4 cxd4 4. Nxd4 Nf6 5. Nc3 a6 6. Be3 e5 7. Nb3 Be6 8. f3 h5 9. Nd5 Bxd5 10. exd5 Nbd7 11. Qd2 g6 12. Na5 Qc7 13. c4 Bg7 14. Be2 e4 15. Rc1 exf3 16. Bxf3 0-0 17. 0-0 Rfe8 18. b4 Ne5 19. Bd4 Rad8 20. Rce1 Nfd7 21. Be2 f5 22. Qb2 Nf6 23. Bd1 Ne4 24. Re3 b6 25. Nb3 Nxc4 26. Qc2 Rc8 27. Ree1 b5 28. Rf4 Bxd4+ 29. Nxd4 Qa7 30. Rfxe4 fxe4 31. Rxe4 Rxe4 32. Qxe4 Ne5 33. Be2 Rc1+ 34. Kf2 Qf7+ 35. Bf3 Rc4 36. Ke3 Rxb4 37. Be2 Qa7 38. a3 Ra4 39. Bd1 Rxa3+ 40. Ke2 Ra2+ 41. Bc2 Qc5 42. Ke3 Qc3+ 43. Kf4 Qd2+ 44. Kg3 Ra3+ 45. Nf3 Re3 46. Qf4 Rxf3+ 0-1

[Event "Khanty-Mansiysk Governor Cup 16th"]
[Site "Khanty-Mansiysk"]
[Date "2020.12.02"]
[Round "3"]
[White "Obgolts, Erik"]
[Black "Bocharov, Ivan"]
[Result "1/2-1/2"]
[WhiteElo "2371"]
[BlackElo "2559"]
[PlyCount "106"]
[EventDate "2020.11.30"]
[EventType "swiss"]
[EventRounds "9"]
[EventCountry "RUS"]
[SourceTitle "CBM 199 Extra"]
[Source "ChessBase"]
[SourceDate "2021.01.31"]
[SourceVersion "1"]
[SourceVersionDate "2021.01.31"]
[SourceQuality "1"]

1. e4 c6 2. d4 d5 3. exd5 cxd5 4. Bd3 Nc6 5. c3 Nf6 6. Bf4 Bg4 7. Qb3 e5 8. Bxe5 Qe7 9. Nd2 Nxe5 10. dxe5 Qxe5+ 11. Kf1 0-0-0 12. h3 Bf5 13. Qc2 Bxd3+ 14. Qxd3 Bc5 15. Ngf3 Qc7 16. Nb3 Bb6 17. Nbd4 Ne4 18. g3 Kb8 19. Kg2 h5 20. h4 f5 21. Ng5 Rc8 22. Rad1 Rhe8 23. Qf3 g6 24. Qf4 Qxf4 25. gxf4 Nc5 26. Rd2 Re7 27. Rhd1 Bc7 28. Kf3 Ne4 29. Re2 Rce8 30. Re3 a6 31. Nh3 Bb6 32. Kg2 Kc7 33. Ree1 Nf6 34. Rxe7+ Rxe7 35. Kf1 Bc5 36. Nf3 Bd6 37. Re1 Rxe1+ 38. Kxe1 Nd7 39. Kd2 Be7 40. Nhg5 Kd6 41. Nf7+ Ke6 42. N7g5+ Kf6 43. Nh7+ Kg7 44. Nhg5 Bd6 45. Kd3 Kf6 46. Nh3 Bc5 47. Nfg5 Bb6 48. b4 Nb8 49. Nf3 Nc6 50. a3 Bc7 51. a4 Bb6 52. b5 axb5 53. axb5 Ne7 1/2-1/2

[Event "RUS Cup final"]
[Site "Khanty-Mansiysk"]
[Date "2019.12.05"]
[Round "1.1"]
[White "Bocharov, Ivan"]
[Black "Goganov, Aleksey"]
[Result "1/2-1/2"]
[WhiteElo "2563"]
[BlackElo "2581"]
[PlyCount "49"]
[EventDate "2019.12.05"]
[EventType "k.o."]
[EventRounds "4"]
[EventCountry "RUS"]
[SourceTitle "CBM 193 Extra"]
[Source "ChessBase"]
[SourceDate "2020.01.31"]
[SourceVersion "1"]
[SourceVersionDate "2020.01.31"]
[SourceQuality "1"]

1. e4 e5 2. Nf3 Nc6 3. d4 exd4 4. Nxd4 Nf6 5. Nxc6 bxc6 6. e5 Qe7 7. Qe2 Nd5 8. c4 Ba6 9. b3 g6 10. Ba3 Nb4 11. Bb2 Bg7 12. a3 Nd5 13. Nd2 0-0 14. 0-0-0 Rfe8 15. Qf3 Nb6 16. Ne4 Bxe5 17. Bxe5 Qxe5 18. Nf6+ Kf8 19. Nxe8 Qa1+ 20. Kc2 Qa2+ 21. Kc1 Qa1+ 22. Kc2 Qa2+ 23. Kc1 Qa1+ 24. Kc2 Qa2+ 25. Kc1 1/2-1/2

[Event "Khanty-Mansiysk Governor Cup 15th"]
[Site "Khanty-Mansiysk"]
[Date "2019.11.23"]
[Round "7"]
[White "Bocharov, Ivan"]
[Black "Afanasiev, Nikita"]
[Result "1/2-1/2"]
[WhiteElo "2571"]
[BlackElo "2508"]
[PlyCount "81"]
[EventDate "2019.11.19"]
[EventType "swiss"]
[EventRounds "9"]
[EventCountry "RUS"]
[SourceTitle "CBM 193 Extra"]
[Source "ChessBase"]
[SourceDate "2020.01.31"]
[SourceVersion "1"]
[SourceVersionDate "2020.01.31"]
[SourceQuality "1"]

1. e4 e5 2. Nf3 Nc6 3. d4 exd4 4. Nxd4 Bc5 5. Nb3 Bb6 6. Nc3 Nf6 7. Bg5 h6 8. Bh4 d6 9. Bd3 Be6 10. Nd5 Bxd5 11. exd5 Qe7+ 12. Kf1 Ne5 13. Qd2 g5 14. Bg3 Nxd3 15. Qxd3 0-0-0 16. a4 a5 17. Re1 Qd7 18. Qf3 Ng4 19. h3 h5 20. Nd2 Ne5 21. Bxe5 dxe5 22. Nc4 Qxd5 23. Qxd5 Rxd5 24. Rxe5 Rxe5 25. Nxe5 Re8 26. Nc4 Bc5 27. g4 Re4 28. b3 Rf4 29. Rh2 b6 30. gxh5 Rh4 31. Kg2 Rxh5 32. Rh1 Rh4 33. Re1 g4 34. hxg4 Rxg4+ 35. Kf3 Rg6 36. Re2 Rf6+ 37. Kg2 Rg6+ 38. Kf3 Rf6+ 39. Kg2 Rg6+ 40. Kf3 Rf6+ 41. Kg2 1/2-1/2

[Event "Chigorin Memorial 27th"]
[Site "St Petersburg"]
[Date "2019.10.12"]
[Round "8"]
[White "Bocharov, Ivan"]
[Black "Petrosyan, Manuel"]
[Result "1/2-1/2"]
[WhiteElo "2557"]
[BlackElo "2613"]
[PlyCount "81"]
[EventDate "2019.10.05"]
[EventType "swiss"]
[EventRounds "9"]
[EventCountry "RUS"]
[SourceTitle "EXT 2020"]
[Source "ChessBase"]
[SourceDate "2019.10.17"]
[SourceVersion "1"]
[SourceVersionDate "2019.10.17"]
[SourceQuality "1"]

1. e4 e5 2. Nf3 Nc6 3. Nc3 Nf6 4. d4 exd4 5. Nxd4 Bb4 6. Nxc6 bxc6 7. Bd3 0-0 8. 0-0 d5 9. exd5 cxd5 10. Qf3 Rb8 11. Bg5 c6 12. h3 Bd6 13. b3 h6 14. Bf4 a5 15. Rfe1 Be6 16. Ne2 c5 17. Ng3 Bxf4 18. Qxf4 Rb4 19. Qe3 Qc7 20. c3 Rbb8 21. Qf3 Rfe8 22. Nf5 Bxf5 23. Qxf5 Qd6 24. Qf3 g6 25. Re3 Kg7 26. Rae1 Rxe3 27. Qxe3 a4 28. Bc2 axb3 29. axb3 Re8 30. Qd2 Rxe1+ 31. Qxe1 d4 32. Qd1 Qb6 33. cxd4 cxd4 34. Bd3 Nd7 35. Qg4 Qxb3 36. Qxd4+ Nf6 37. Bf1 Qd5 38. Qc3 g5 39. Qb2 Qd6 40. Qc3 Qe6 41. Qb2 1/2-1/2

[Event "Cheliabinsk Panchenko Memorial op"]
[Site "Cheliabinsk"]
[Date "2019.09.16"]
[Round "8"]
[White "Bocharov, Ivan"]
[Black "Tunik, Gennady"]
[Result "1-0"]
[WhiteElo "2557"]
[BlackElo "2358"]
[PlyCount "73"]
[EventDate "2019.09.09"]
[EventType "swiss"]
[EventRounds "9"]
[EventCountry "RUS"]
[SourceTitle "EXT 2020"]
[Source "ChessBase"]
[SourceDate "2019.10.17"]
[SourceVersion "1"]
[SourceVersionDate "2019.10.17"]
[SourceQuality "1"]

1. e4 c5 2. Nf3 e6 3. g3 Nf6 4. e5 Nd5 5. Bg2 d6 6. b3 dxe5 7. Nxe5 Be7 8. Bb2 0-0 9. Nc3 Nxc3 10. Bxc3 f6 11. Nd3 Nc6 12. 0-0 Bd7 13. Qg4 Bd6 14. Rae1 Qe7 15. f4 Rae8 16. f5 Qf7 17. Qc4 Kh8 18. Nxc5 Bxc5+ 19. Qxc5 exf5 20. d4 Rc8 21. Qd6 Rfd8 22. Re3 Be8 23. Qf4 Qd7 24. Qxf5 Qxf5 25. Rxf5 Bg6 26. Rc5 Bxc2 27. d5 Ne7 28. Bb4 Rxc5 29. Bxc5 Nc8 30. Be7 Re8 31. Kf2 Nxe7 32. d6 Bg6 33. dxe7 Bf5 34. Bd5 Bg6 35. Bxb7 Rb8 36. Bc6 Be8 37. Rd3 1-0

[Event "Cheliabinsk Panchenko Memorial op"]
[Site "Cheliabinsk"]
[Date "2019.09.10"]
[Round "2"]
[White "Bocharov, Ivan"]
[Black "Berzinsh, Roland"]
[Result "1-0"]
[WhiteElo "2557"]
[BlackElo "2376"]
[PlyCount "100"]
[EventDate "2019.09.09"]
[EventType "swiss"]
[EventRounds "9"]
[EventCountry "RUS"]
[SourceTitle "EXT 2020"]
[Source "ChessBase"]
[SourceDate "2019.10.17"]
[SourceVersion "1"]
[SourceVersionDate "2019.10.17"]
[SourceQuality "1"]

1. c4 c5 2. Nf3 Nf6 3. Nc3 e6 4. e3 Nc6 5. d4 d5 6. cxd5 exd5 7. Bb5 cxd4 8. Nxd4 Bd7 9. 0-0 Bd6 10. Nf3 a6 11. Be2 Bf5 12. b3 0-0 13. Bb2 Re8 14. g3 Bc5 15. Na4 Ba7 16. Nd4 Bh3 17. Re1 Ne5 18. f3 Bd7 19. Nc3 Nc6 20. Nc2 Bf5 21. Bd3 Qd7 22. Kg2 Ne5 23. Bxf5 Qxf5 24. Rb1 h5 25. Rf1 Nd3 26. Qd2 Nxb2 27. Rxb2 Qe5 28. Nd1 Rac8 29. Nd4 Bxd4 30. Qxd4 Qxd4 31. exd4 Kf8 32. Rd2 Rc1 33. Nb2 Rc3 34. Na4 Rc7 35. Nc5 a5 36. h4 b6 37. Nd3 Rec8 38. Kf2 a4 39. bxa4 Ra8 40. Rb1 Rxa4 41. Ne5 Ra6 42. Rb5 Rca7 43. Ke3 Nd7 44. Nc6 Ra3+ 45. Ke2 Ra8 46. Rxd5 Nf6 47. Rb5 Rxa2 48. Rxb6 Nd5 49. Rb7 Re8+ 50. Ne5 Ra3 1-0

[Event "Cheliabinsk Kurnosov Memorial rapid"]
[Site "Cheliabinsk"]
[Date "2019.09.06"]
[Round "3"]
[White "Bocharov, Ivan"]
[Black "Khusenkhojaev, Muhammad"]
[Result "0-1"]
[WhiteElo "2557"]
[BlackElo "2450"]
[PlyCount "106"]
[EventDate "2019.09.06"]
[EventType "swiss (rapid)"]
[EventRounds "11"]
[EventCountry "RUS"]
[SourceTitle "EXT 2020"]
[Source "ChessBase"]
[SourceDate "2019.10.17"]
[SourceVersion "1"]
[SourceVersionDate "2019.10.17"]
[SourceQuality "1"]

1. c4 Nf6 2. Nc3 d5 3. cxd5 Nxd5 4. Nf3 g6 5. h4 Bg7 6. h5 Nc6 7. h6 Bf6 8. Ne4 e5 9. Nxf6+ Qxf6 10. d3 Qe7 11. Qb3 Nb6 12. Be3 Be6 13. Qc2 Nb4 14. Qd2 f6 15. a3 N4d5 16. Rc1 Nxe3 17. Qxe3 Nd5 18. Qe4 0-0-0 19. g3 Kb8 20. Bh3 Bxh3 21. Rxh3 Rhe8 22. g4 Nf4 23. Rg3 Qf8 24. g5 f5 25. Qc4 Qe7 26. Nd2 Ne6 27. Nf3 Nf4 28. Nd2 Qd6 29. Qc5 Qd7 30. Nf3 e4 31. Ne5 Qe7 32. d4 Qxc5 33. Rxc5 Rxd4 34. Rb3 Kc8 35. e3 Rd5 36. Rxd5 Nxd5 37. Nc4 Re6 38. f4 Rc6 39. Ne5 Rc2 40. a4 a6 41. a5 c5 42. Kd1 Rh2 43. Nc4 Kc7 44. Kc1 Nb4 45. Kd1 Kc6 46. Ne5+ Kb5 47. Nd7 c4 48. Ra3 Nd3 49. Rc3 Nxb2+ 50. Kc1 Nd3+ 51. Kb1 Kb4 52. Rc2 Rxc2 53. Kxc2 c3 0-1

[Event "Eurasia Cup op"]
[Site "Ekaterinburg"]
[Date "2019.08.09"]
[Round "9"]
[White "Kabanov, Nikolai"]
[Black "Bocharov, Ivan"]
[Result "0-1"]
[WhiteElo "2450"]
[BlackElo "2559"]
[PlyCount "66"]
[EventDate "2019.07.31"]
[EventType "swiss"]
[EventRounds "9"]
[EventCountry "RUS"]
[SourceTitle "CBM 191 Extra"]
[Source "ChessBase"]
[SourceDate "2019.09.30"]
[SourceVersion "1"]
[SourceVersionDate "2019.09.30"]
[SourceQuality "1"]

1. e4 c5 2. Nc3 d6 3. f4 g6 4. d4 cxd4 5. Qxd4 Nf6 6. Bd3 Nc6 7. Qf2 Bg7 8. Nf3 0-0 9. 0-0 Nb4 10. h3 b6 11. Be3 Bb7 12. a3 Nxd3 13. cxd3 Rc8 14. Bd4 Qd7 15. Qh4 h6 16. Rad1 Rfe8 17. Kh1 Qc7 18. f5 Qd8 19. Be3 g5 20. Nxg5 hxg5 21. Bxg5 Nh7 22. Rf4 Bxc3 23. bxc3 f6 24. Rg4 Kh8 25. Bd2 d5 26. Qh5 e5 27. fxe6 Rxe6 28. exd5 Qxd5 29. Qg6 Re7 30. c4 Qf7 31. Qf5 Rg8 32. Bc3 Rxg4 33. Qxg4 Qg7 0-1

[Event "Eurasia Cup op"]
[Site "Ekaterinburg"]
[Date "2019.08.07"]
[Round "7"]
[White "Ulybin, Mikhail"]
[Black "Bocharov, Ivan"]
[Result "0-1"]
[WhiteElo "2469"]
[BlackElo "2559"]
[PlyCount "70"]
[EventDate "2019.07.31"]
[EventType "swiss"]
[EventRounds "9"]
[EventCountry "RUS"]
[SourceTitle "CBM 191 Extra"]
[Source "ChessBase"]
[SourceDate "2019.09.30"]
[SourceVersion "1"]
[SourceVersionDate "2019.09.30"]
[SourceQuality "1"]

1. e4 c5 2. Nf3 d6 3. Bb5+ Nd7 4. 0-0 a6 5. Bd3 Ngf6 6. c3 b5 7. Bc2 Bb7 8. Re1 c4 9. b4 g6 10. a4 Bg7 11. axb5 axb5 12. Rxa8 Qxa8 13. Na3 Bxe4 14. Nxb5 Qb7 15. Ng5 d5 16. Nxe4 Nxe4 17. Na3 f5 18. Qe2 0-0 19. Kh1 e5 20. f3 Nd6 21. d3 cxd3 22. Bxd3 e4 23. Ba6 Qc6 24. Bf4 Be5 25. Bh6 Ra8 26. Bb5 Nxb5 27. Nxb5 Bxc3 28. Rc1 Ra1 29. Rxa1 Bxa1 30. h3 Be5 31. Be3 f4 32. Bd4 e3 33. g3 Bxd4 34. Nxd4 Qc1+ 35. Kg2 Qd2 0-1

[Event "Eurasia Cup op"]
[Site "Ekaterinburg"]
[Date "2019.08.03"]
[Round "4"]
[White "Bocharov, Ivan"]
[Black "Gleizerov, Evgeny"]
[Result "1/2-1/2"]
[WhiteElo "2559"]
[BlackElo "2498"]
[PlyCount "88"]
[EventDate "2019.07.31"]
[EventType "swiss"]
[EventRounds "9"]
[EventCountry "RUS"]
[SourceTitle "CBM 191 Extra"]
[Source "ChessBase"]
[SourceDate "2019.09.30"]
[SourceVersion "1"]
[SourceVersionDate "2019.09.30"]
[SourceQuality "1"]

1. c4 e5 2. d3 Nc6 3. Nf3 g6 4. Nc3 Bg7 5. g3 Nf6 6. Bg2 0-0 7. 0-0 d6 8. Rb1 a5 9. a3 Re8 10. b4 axb4 11. axb4 e4 12. Ng5 exd3 13. exd3 Nd4 14. h3 c6 15. b5 d5 16. bxc6 bxc6 17. cxd5 Nxd5 18. Nge4 Nxc3 19. Nxc3 Ba6 20. Ne4 Ne6 21. Bb2 Bxd3 22. Nf6+ Bxf6 23. Bxf6 Qxf6 24. Qxd3 Nd4 25. Qc4 Nf3+ 26. Bxf3 Qxf3 27. Rb3 Qf6 28. Kg2 Re6 29. Rf3 Qe5 30. Rd1 Rf6 31. Rxf6 Qxf6 32. Rc1 Rc8 33. Qc5 h5 34. h4 Qe6 35. Kh2 Qe4 36. Rc4 Qe1 37. Rc1 Qe2 38. Rc2 Qf3 39. Rc3 Qf6 40. Kg2 Kg7 41. Rc2 Qe6 42. Rc4 Rc7 43. Rc1 f6 44. Kh2 Qe7 1/2-1/2

[Event "RUS-ch Higher League 72nd"]
[Site "Yaroslavl"]
[Date "2019.07.06"]
[Round "9"]
[White "Frolyanov, Dmitry"]
[Black "Bocharov, Ivan"]
[Result "1-0"]
[WhiteElo "2538"]
[BlackElo "2559"]
[PlyCount "125"]
[EventDate "2019.06.27"]
[EventType "swiss"]
[EventRounds "9"]
[EventCountry "RUS"]
[SourceTitle "CBM 191 Extra"]
[Source "ChessBase"]
[SourceDate "2019.09.30"]
[SourceVersion "1"]
[SourceVersionDate "2019.09.30"]
[SourceQuality "1"]

1. e4 c5 2. Nf3 d6 3. d4 cxd4 4. Nxd4 Nf6 5. Nc3 a6 6. Bg5 Nbd7 7. Qe2 h6 8. Bh4 g6 9. f4 e5 10. fxe5 dxe5 11. 0-0-0 Qc7 12. Nb3 b5 13. Kb1 Bb7 14. Nd5 Nxd5 15. exd5 Bd6 16. Qd2 g5 17. Be1 Nb6 18. h4 Rg8 19. hxg5 hxg5 20. Qf2 Nxd5 21. Rh7 Nf4 22. Ba5 Qe7 23. Qb6 Nd5 24. Qf2 Bc7 25. Be2 Nf4 26. Bg4 Rd8 27. Rxd8+ Qxd8 28. Nc5 Bxa5 29. Nxb7 Qb6 30. Qxb6 Bxb6 31. Nd6+ Ke7 32. Nxf7 Kf6 33. Nd6 Rf8 34. Rb7 Bg1 35. g3 Nd5 36. Bf3 Ne3 37. Be2 Nd5 38. a3 Ke6 39. Ne4 Nf6 40. Nxg5+ Kf5 41. Rg7 Rh8 42. Bd3+ e4 43. Nxe4 Nxe4 44. Re7 Kg4 45. Bxe4 Kxg3 46. Rg7+ Kf2 47. Rg2+ Kf1 48. Rg6 Rb8 49. Bd3+ Kf2 50. Rxa6 b4 51. axb4 Rxb4 52. c3 Rb8 53. Kc2 Ke3 54. Re6+ Kf4 55. b4 Be3 56. Kb3 Bd2 57. Ba6 Kf3 58. Rd6 Be1 59. Rd7 Kf4 60. Rf7+ Ke3 61. Re7+ Kd2 62. c4 Bh4 63. Rd7+ 1-0

[Event "RUS-ch Higher League 72nd"]
[Site "Yaroslavl"]
[Date "2019.07.01"]
[Round "5"]
[White "Rakhmanov, Alexander"]
[Black "Bocharov, Ivan"]
[Result "1/2-1/2"]
[WhiteElo "2615"]
[BlackElo "2559"]
[PlyCount "66"]
[EventDate "2019.06.27"]
[EventType "swiss"]
[EventRounds "9"]
[EventCountry "RUS"]
[SourceTitle "CBM 191 Extra"]
[Source "ChessBase"]
[SourceDate "2019.09.30"]
[SourceVersion "1"]
[SourceVersionDate "2019.09.30"]
[SourceQuality "1"]

1. Nf3 d5 2. d4 Nf6 3. c4 c6 4. e3 Bf5 5. Nc3 a6 6. Ne5 Nbd7 7. Qb3 Qc7 8. cxd5 Nxe5 9. dxe5 Nxd5 10. Nxd5 cxd5 11. Bd2 e6 12. Rc1 Qd7 13. Be2 Be7 14. Ba5 Rc8 15. Rxc8+ Qxc8 16. Kd2 d4 17. Rc1 dxe3+ 18. fxe3 Qd7+ 19. Ke1 0-0 20. Rc7 Qe8 21. Bb4 Bxb4+ 22. Qxb4 b5 23. Qd4 Qb8 24. Rd7 b4 25. e4 Bg6 26. h4 Qc8 27. Bf3 Qc1+ 28. Kf2 h5 29. Kg3 Qe1+ 30. Kh3 Qh1+ 31. Kg3 Qe1+ 32. Kh3 Qh1+ 33. Kg3 Qe1+ 1/2-1/2

[Event "RUS-ch Higher League 72nd"]
[Site "Yaroslavl"]
[Date "2019.06.29"]
[Round "3"]
[White "Grachev, Boris V"]
[Black "Bocharov, Ivan"]
[Result "1/2-1/2"]
[WhiteElo "2621"]
[BlackElo "2559"]
[PlyCount "89"]
[EventDate "2019.06.27"]
[EventType "swiss"]
[EventRounds "9"]
[EventCountry "RUS"]
[SourceTitle "CBM 191 Extra"]
[Source "ChessBase"]
[SourceDate "2019.09.30"]
[SourceVersion "1"]
[SourceVersionDate "2019.09.30"]
[SourceQuality "1"]

1. Nf3 d5 2. e3 Bg4 3. c4 c6 4. cxd5 Bxf3 5. Qxf3 cxd5 6. Bb5+ Nc6 7. Bxc6+ bxc6 8. b3 e6 9. Bb2 Nf6 10. 0-0 Be7 11. Nc3 Qa5 12. Rac1 0-0 13. Rc2 c5 14. Rfc1 Rac8 15. d3 Rfd8 16. h3 Qa6 17. Na4 Qxd3 18. Nxc5 Qb5 19. a4 Qb8 20. Bxf6 Bxf6 21. Nd7 Rxc2 22. Nxf6+ gxf6 23. Rxc2 Qxb3 24. Qxf6 Qxc2 25. Qg5+ Kf8 26. Qxd8+ Kg7 27. Qa5 Qb1+ 28. Kh2 Qb8+ 29. f4 Qb6 30. Qc3+ f6 31. a5 Qd6 32. Qd4 Qc7 33. a6 Kg6 34. Kg3 h5 35. Kf3 Qc1 36. Kf2 h4 37. f5+ exf5 38. Qxd5 Qb2+ 39. Kf3 Qa1 40. Qg8+ Kh6 41. Qh8+ Kg6 42. Qe8+ Kg5 43. Qg8+ Kh6 44. Qh8+ Kg6 45. Qg8+ 1/2-1/2